000 00397nam a22001457a 4500
005 20170807150907.0
008 170807b xxu||||| |||| 00| 0 eng d
022 _a0002399X
040 _cPK-LaUMT
082 _aZIAC 297.05
_bALD-
245 _aAldrasat ul Islamia/
260 _aاسلام آباد:
_bالجامعۃ الاسلامیہ العالمیہ،
_c2014
300 _a241 ص
942 _cBK
999 _c96637
_d96637